| 000 | 00497nam a22001817a 4500 | ||
|---|---|---|---|
| 999 |
_c157870 _d157870 |
||
| 005 | 20181006141210.0 | ||
| 010 | _aENG-124192 | ||
| 020 |
_a9789386338259 _c350.00 |
||
| 035 | _aEN-107724 | ||
| 037 | _bDBAD/PUB | ||
| 082 | _aN | ||
| 100 | _aGhose, Sudhin N. | ||
| 245 |
_aCradle of the clouds / _cby Sudhin N. Ghose |
||
| 260 |
_aNew Delhi _bSpeaking Tiger _c2017 |
||
| 270 |
_a4381/4, Ansari Road, Daryaganj, _bNew Delhi _e110002 |
||
| 300 |
_a282p. _c20cm(pbk) |
||
| 942 |
_2ddc _cEN _hN _mGHO |
||